000 01381cam a2200397 i 4500
001 23666351
005 20250407115502.0
008 240429s2024 nyua b 001 0 eng d
010 _a 2024937510
016 7 _a021223480
_2Uk
020 _a9781032594798
020 _a9781032594781
020 _z9781003454878
035 _a(OCoLC)on1400787065
041 _aeng
042 _alccopycat
082 _a658.4063 HEM
100 _aK, Hemachandran
245 0 4 _aThe Business Of The Metaverse: How To Maintain The Human Element Within This New Business Reality
260 _aNew York
_bRoutledge, Taylor & Francis Group
_c2024;. pages: 24 cm
264 1 _aNew York, NY :
_bRoutledge, Taylor & Francis Group,
_c2024.
300 _a334 pages :
_billustrations ;
_c27 cm
336 _atext
_btxt
_2rdacontent
337 _aunmediated
_bn
_2rdamedia
338 _avolume
_bnc
_2rdacarrier
500 _a"A Productivity Press book" -- Front cover.
504 _aIncludes bibliographical references and index.
650 0 _aBusiness; Organizational change; Metaverse; Affaires
650 6 _a
650 7 _a
700 1 _aRodriguez, Raul Villamarin
906 _a7
_bcbc
_ccopycat
_d2
_encip
_f20
_gy-gencatlg
942 _cBK
999 _c43599
_d43599